[Event "AUTO-ADV-4140"]
[Site "http://www.queenalice.com/game.php?id=1562150"]
[Date "2019.2.24"]
[Round "1"]
[White "betofortaleza"]
[Black "Jeff_Of_Love"]
[Result "0-1"]
[WhiteElo "1907"]
[BlackElo "1923"]

1. e4 e5 2. Nf3 Nc6 3. Bb5 Nf6 4. d3 Bc5 5. Bg5 Nd4 6. Nxe5 Nxb5 7. Nc3 Nxc3 8.
bxc3 d6 9. Nf3 h6 10. Bf4 O-O 11. Qd2 Ng4 12. d4 Nf6 13. dxc5 Nxe4 14. Qe3 Nxc5
15. O-O Re8 16. Qd4 Re4 17. Qd2 Qf6 18. g3 Bh3 19. Rfe1 Rae8 20. Rxe4 Nxe4 21.
Qe3 Re6 22. Nd4 Re7 23. Qd3 g5 24. f3 Nxc3 25. Qxc3 gxf4 26. g4 h5 27. Qd2 c5
28. c3 hxg4 29. Ne2 Re3 30. Rd1 gxf3 31. Ng3 fxg3 32. hxg3 Re2 0-1

[Event "Challenge"]
[Site "http://www.queenalice.com/game.php?id=1570764"]
[Date "2019.5.13"]
[Round "-"]
[White "Ron39"]
[Black "Jeff_Of_Love"]
[Result "1-0"]
[WhiteElo "2198"]
[BlackElo "1832"]

1. e4 e5 2. d4 exd4 3. Qxd4 Nc6 4. Qe3 Bd6 5. Nc3 Nf6 6. Bd2 O-O 7. O-O-O Re8 8.
f3 b6 9. Qf2 Bb7 10. g4 a6 11. Nge2 Re5 12. Ng3 g6 13. h4 Bc5 14. Qh2 d5 15. Bf4
Be3+ 16. Bxe3 d4 17. Bf4 Rc5 18. g5 Nb4 19. a3 a5 20. h5 Kf8 21. hxg6 hxg6 22.
Qh6+ Ke7 23. gxf6+ Kd7 24. Rxd4+ 1-0

[Event "Challenge"]
[Site "http://www.queenalice.com/game.php?id=1570765"]
[Date "2019.5.13"]
[Round "-"]
[White "Jeff_Of_Love"]
[Black "Ron39"]
[Result "0-1"]
[WhiteElo "1850"]
[BlackElo "2178"]

1. e4 e6 2. d4 d5 3. e5 c5 4. b3 cxd4 5. Nf3 Nc6 6. Nxd4 Nxe5 7. Bb5+ Bd7 8. Nc3
Bb4 9. Bb2 Qa5 10. Bxd7+ Nxd7 11. Qf3 Rc8 12. O-O Bxc3 13. Nxe6 Bxb2 14. Rae1
fxe6 15. Rxe6+ Ne7 16. Qh5+ g6 17. Qg5 Bf6 18. Qe3 O-O 0-1

[Event "Challenge"]
[Site "http://www.queenalice.com/game.php?id=1572686"]
[Date "2019.5.29"]
[Round "-"]
[White "cdare"]
[Black "Jeff_Of_Love"]
[Result "0-1"]
[WhiteElo "1857"]
[BlackElo "1786"]

1. e4 e5 2. d4 d5 3. exd5 Qxd5 4. Nc3 Bb4 5. Ne2 Nc6 6. Bd2 Qc4 7. d5 Nd4 8. Ng3
Qc5 9. Nge4 Qe7 10. Bb5+ Nxb5 11. O-O Nd4 12. Ne2 Bg4 13. f3 Bf5 14. N4g3 Bxc2
15. Bxb4 Qxb4 16. Qc1 Nf6 17. Nxd4 Qxd4+ 18. Kh1 Nxd5 19. Ne2 Qc5 20. Nc3 Ne3
21. Re1 Nxg2 22. Kxg2 Bf5 23. Qg5 g6 24. Ne4 Qc2+ 25. Kg3 h6 26. Qf6 O-O 27.
Qxe5 Bxe4 28. fxe4 Rfe8 29. Qc3 Qxc3+ 30. bxc3 Rad8 31. c4 c5 32. Rab1 b6 33. a4
Rd4 34. Rbc1 Rexe4 35. Rxe4 Rxe4 36. Kf3 f5 37. Kf2 g5 38. h3 h5 39. Kf3 g4+ 40.
hxg4 hxg4+ 41. Kg3 Kg7 42. Kh4 Kg6 43. Kg3 Kg5 44. Kg2 f4 45. Kf2 Rd4 46. Rc2
Kh4 0-1

[Event "Challenge"]
[Site "http://www.queenalice.com/game.php?id=1584455"]
[Date "2019.9.24"]
[Round "-"]
[White "Jeff_Of_Love"]
[Black "cdare"]
[Result "0-1"]
[WhiteElo "1805"]
[BlackElo "1839"]

1. e4 d5 2. d3 h6 3. c3 e5 4. Nf3 Nc6 5. Be2 Nf6 6. O-O Bg4 7. Nbd2 Bc5 8. b4
Bd6 9. b5 Ne7 10. a4 O-O 11. Bb2 dxe4 12. dxe4 Ng6 13. Bd3 Nf4 14. Bc4 Bxf3 15.
Nxf3 Qd7 16. Nh4 Nxe4 17. Qf3 Nd2 18. Qxb7 Nxc4 19. Bc1 Ne2+ 20. Kh1 Qd8 21. Qe4
Nxc1 22. Qxc4 Nb3 23. Rad1 Na5 24. Qe4 Qg5 25. g3 Nb3 26. Nf5 Nc5 27. Qc2 Rad8
28. Rd2 Ne6 29. Rfd1 Qh5 30. h4 Nc5 31. a5 Rfe8 32. Nxd6 cxd6 33. Kg2 Re6 34.
Re1 Rg6 35. Re3 Qxh4 36. Rf3 e4 37. Rf5 Nd3 38. Kg1 Qh3 39. Rxd3 exd3 40. Qxd3
Re8 41. Qb1 Rge6 0-1

[Event "Challenge"]
[Site "http://www.queenalice.com/game.php?id=1613704"]
[Date "2020.5.25"]
[Round "-"]
[White "cdare"]
[Black "Jeff_Of_Love"]
[Result "1-0"]
[WhiteElo "1824"]
[BlackElo "1808"]

1. e4 e5 2. d4 Nf6 3. Nc3 c6 4. Nf3 Bb4 5. Bd2 Bxc3 6. Bxc3 Nxe4 7. Qd3 Nxc3 8.
Qxc3 O-O 9. dxe5 Re8 10. Bd3 d5 11. O-O Bg4 12. Be2 Qc7 13. Rfe1 Nd7 14. h3 Bf5
15. Bd3 Be6 16. Ng5 g6 17. Qd4 Nf8 18. Nxe6 Nxe6 19. Qh4 Nf8 20. f4 Qb6+ 21. Qf2
Ne6 22. Qxb6 axb6 23. g3 Nd4 24. Kg2 b5 25. c3 Ne6 26. a3 Nc7 27. Rad1 c5 28.
Be2 g5 29. Bg4 h6 30. f5 Ra4 31. Bh5 Re7 32. Bf3 b6 33. Bxd5 Nxd5 34. Rxd5 f6
35. e6 Raa7 36. Red1 Re8 37. g4 Kf8 38. Rd6 Ra6 39. Rd7 Re7 40. R1d6 Ra8 41.
Rxb6 Rxd7 42. exd7 Ke7 43. Rxb5 Kd6 44. Rb6+ Ke7 45. Rb7 Ra6 46. Kf3 Rd6 47. Ke2
Rxd7 48. Rxd7+ Kxd7 49. Kd3 Kd6 50. Ke4 Kc6 51. c4 Kd6 52. b4 1-0

[Event "Challenge"]
[Site "http://www.queenalice.com/game.php?id=1623819"]
[Date "2020.8.14"]
[Round "-"]
[White "Jeff_Of_Love"]
[Black "cdare"]
[Result "1-0"]
[WhiteElo "1790"]
[BlackElo "1838"]

1. e4 e5 2. Nf3 Nc6 3. Nc3 Nf6 4. Bc4 Bc5 5. O-O d6 6. Ng5 O-O 7. b3 a6 8. Nd5
Nxd5 9. Qh5 Nf6 10. Qh4 Qe8 11. d3 b5 12. Bd5 Rb8 13. Be3 Nb4 14. Bxc5 dxc5 15.
a3 Nbxd5 16. exd5 Bf5 17. Rfe1 Nxd5 18. Qg3 f6 19. Ne4 Bxe4 20. Rxe4 Nc3 21. Re3
Rd8 22. f4 Nd5 23. Re4 Nc3 24. Re3 Nd5 25. Re4 Nxf4 26. Rf1 Qc6 27. Rf3 a5 28.
Ree3 Qd6 29. Qe1 a4 30. bxa4 c6 31. Kf1 Qd5 32. Qh4 Qa2 33. Rg3 Qxc2 34. Qh6 Rd7
35. Qh4 Rfd8 36. Rxg7+ Kxg7 37. Rg3+ Kh8 38. Qxf6+ 1-0

[Event "Challenge"]
[Site "http://www.queenalice.com/game.php?id=1762278"]
[Date "2021.6.16"]
[Round "-"]
[White "Jeff_Of_Love"]
[Black "cdare"]
[Result "1-0"]
[WhiteElo "1811"]
[BlackElo "1826"]

1. e4 e5 2. Nc3 Nf6 3. g3 Nc6 4. Bg2 Bc5 5. Nf3 d6 6. O-O O-O 7. b3 Bg4 8. d3 h6
9. Re1 Nd4 10. Bb2 Nxf3+ 11. Bxf3 Bxf3 12. Qxf3 a6 13. Bc1 Bd4 14. Bd2 Qd7 15.
a4 Qc6 16. Nd5 Nxd5 17. Rac1 Nc3 18. Qg4 Kh7 19. Bxc3 Bxc3 20. Re2 Qc5 21. Kg2
Qa3 22. Rf1 b5 23. f4 f6 24. f5 bxa4 25. h4 axb3 26. Qg6+ Kg8 27. cxb3 Qxb3 28.
g4 Qb4 29. g5 Qb5 30. gxh6 Qd7 31. h7+ Kh8 32. h5 Qf7 33. Rc1 Qxg6+ 34. hxg6 Ba5
35. Rb2 Bb6 36. Kf3 a5 37. Ra1 Bd4 38. Rb7 Bb6 39. Ra4 Rfd8 40. Ke2 d5 41. Kf3
dxe4+ 42. dxe4 Rd4 43. Ra3 Rad8 44. Kg2 Rxe4 45. Kg3 Rf4 46. Kg2 Rxf5 47. Rd3
Rc8 48. Rd7 Rg5+ 49. Kf3 Rxg6 50. Rd1 Rh6 51. Rc1 Rxh7 52. Rxb6 Rh3+ 53. Kg4 Rd3
54. Kf5 Rdd8 55. Rbc6 a4 56. Kg6 Kg8 57. Ra6 Rd4 58. Rg1 c5 59. Ra7 a3 60. Rxg7+
Kf8 61. Kxf6 Rc6+ 62. Kxe5 Ra6 63. Rg8+ Kf7 64. R1g7# 1-0

[Event "Challenge"]
[Site "http://www.queenalice.com/game.php?id=1762775"]
[Date "2021.6.22"]
[Round "-"]
[White "cdare"]
[Black "Jeff_Of_Love"]
[Result "0-1"]
[WhiteElo "1844"]
[BlackElo "1793"]

1. e4 c5 2. Nf3 g6 3. Nc3 Bg7 4. Bc4 Nf6 5. d3 O-O 6. Be3 b6 7. O-O Bb7 8. a3 d6
9. h3 Nbd7 10. Nh2 Ne5 11. Ba2 Qd7 12. Qc1 Ba6 13. Nd5 Nxe4 14. Re1 Nxf2 15.
Bxf2 Bxd3 16. cxd3 Nxd3 17. Rxe7 Qf5 18. Qe3 Bd4 19. Qf3 Qxf3 20. Nxf3 Bxf2+ 21.
Kf1 Bg3 22. b4 Kg7 23. Bc4 Ne5 24. Nxe5 Bxe5 25. Re1 Rfe8 26. Rxe8 Rxe8 27. Bb5
Rc8 28. Ne7 Rc7 29. Nc6 f6 30. Nd8 Rc8 31. Ne6+ Kh8 32. bxc5 bxc5 33. Bc4 Rb8
34. a4 a5 35. Bb5 f5 36. Ng5 Kg7 37. Nf3 Bf6 38. g3 Kf7 39. Nd2 Bc3 40. Rd1 Be5
41. Rb1 Bxg3 42. Bc4+ d5 43. Bxd5+ Kg7 44. Rxb8 Bxb8 45. Nc4 Bc7 46. Ke2 h5 47.
Na3 Kf6 48. Nb5 Bg3 49. Kf3 h4 50. Nc3 Ke5 51. Bc6 g5 52. Ne2 c4 53. Nxg3 g4+
54. hxg4 hxg3 55. gxf5 g2 56. Kxg2 c3 57. f6 c2 58. f7 c1=Q 59. Bb5 Qf4 60. Be8
Ke4 61. Kg1 Kf3 62. Bc6+ Kg3 0-1

[Event "Challenge"]
[Site "http://www.queenalice.com/game.php?id=1799270"]
[Date "2022.11.4"]
[Round "-"]
[White "cdare"]
[Black "Jeff_Of_Love"]
[Result "0-1"]
[WhiteElo "1866"]
[BlackElo "1830"]

1. e4 e5 2. Nf3 Nc6 3. Nc3 Nf6 4. Bc4 Bd6 5. d3 h6 6. O-O O-O 7. Bd2 a6 8. a3 b5
9. Ba2 Bb7 10. b4 Qe7 11. Qc1 Nh7 12. Bd5 Kh8 13. Bxh6 Qf6 14. Be3 Qg6 15. Ne2
f6 16. Ng3 Rab8 17. Nh4 Qe8 18. Nhf5 Ne7 19. Bxb7 Rxb7 20. Qd1 Nxf5 21. Nxf5 Qg6
22. Qf3 Rf7 23. Nxd6 cxd6 24. Qf5 Qxf5 25. exf5 Rf8 26. c4 Rc8 27. c5 dxc5 28.
Bxc5 Ng5 29. f3 Nf7 30. g4 a5 31. h4 d6 32. Be3 Rc2 33. Rf2 Rc3 34. Rd2 Rb3 35.
Kg2 axb4 36. axb4 Rxb4 37. Kg3 Kh7 38. f4 Nh6 39. Ra7 exf4+ 40. Kf3 fxe3 41.
Rxb7 exd2 42. Ke2 Rb2 43. Rd7 Nxg4 44. Ra7 Nf2 45. Ra1 d1=Q+ 0-1

[Event "Challenge"]
[Site "http://www.queenalice.com/game.php?id=1799352"]
[Date "2022.11.6"]
[Round "-"]
[White "dosoldini"]
[Black "Jeff_Of_Love"]
[Result "0-1"]
[WhiteElo "1490"]
[BlackElo "1828"]

1. e4 e5 2. Nc3 Nc6 3. Nd5 Nf6 4. Nf3 Bc5 5. Bc4 Nxe4 6. O-O O-O 7. d3 Nd6 8.
Bg5 f6 9. Nxc7+ Nxc4 10. Nxa8 Nxb2 11. Qb1 Nxd3 12. cxd3 fxg5 13. Qc1 d6 14.
Nxg5 Kh8 15. Nc7 Qxc7 16. Ne4 Bd4 17. Rb1 h6 18. Qd2 Qf7 19. Nxd6 Qd7 20. Ne4
Qg4 21. h3 Qg6 22. Ng3 Bxh3 23. Kh2 Bf5 24. Rbe1 Bxd3 25. Rg1 Rf4 26. Rgf1 Rh4+
0-1

[Event "Challenge"]
[Site "http://www.queenalice.com/game.php?id=1800508"]
[Date "2022.11.22"]
[Round "-"]
[White "Jeff_Of_Love"]
[Black "cdare"]
[Result "1-0"]
[WhiteElo "1847"]
[BlackElo "1856"]

1. e4 e5 2. Nf3 Nc6 3. b3 Nf6 4. Nc3 Bb4 5. Bc4 O-O 6. O-O d6 7. Bb2 Bg4 8. Be2
Bxf3 9. Bxf3 Nd4 10. Rc1 Nxf3+ 11. Qxf3 a6 12. h3 b5 13. Rcd1 c6 14. Qg3 Bxc3
15. Bxc3 Nxe4 16. Qf3 Nxc3 17. Qxc3 Qd7 18. f3 f5 19. b4 f4 20. d4 Qa7 21. Qxc6
Rad8 22. Kh1 a5 23. a4 bxa4 24. Qxa4 Ra8 25. dxe5 dxe5 26. Rd7 Qa6 27. Qb3+ Kh8
28. Rfd1 axb4 29. Qd5 Qa5 30. Qxa5 Rxa5 31. Rd8 Ra8 32. R8d5 Rfe8 33. Rb5 Rab8
34. Rdd5 g5 35. Rxe5 h6 36. Rxe8+ Rxe8 37. Rxb4 Kg7 38. Kh2 Rc8 39. c4 h5 40. g3
Kf6 41. Rb6+ Kf7 42. gxf4 gxf4 43. Rb4 Kf6 44. c5 Kf5 45. Rb5 h4 46. c6+ Kg6 47.
Rb6 Kf5 48. Kg2 Ke5 49. Rb5+ Kd6 50. Rf5 Rxc6 51. Rxf4 Rc2+ 52. Kg1 Ke5 53. Rxh4
Kf5 54. Ra4 Rc3 55. Kg2 Rc2+ 56. Kg3 Rc3 57. h4 Kg6 58. Kg4 Rc5 59. f4 Rc8 60.
Ra6+ Kg7 61. Kg5 Rc5+ 62. f5 Kf7 63. h5 Rc8 64. Ra7+ Kf8 65. Kg6 Re8 66. f6 Rd8
67. h6 Ke8 68. h7 1-0

[Event "Challenge"]
[Site "http://www.queenalice.com/game.php?id=1832325"]
[Date "2024.2.25"]
[Round "-"]
[White "cdare"]
[Black "Jeff_Of_Love"]
[Result "0-1"]
[WhiteElo "1883"]
[BlackElo "1863"]

1. e4 e5 2. Nf3 Nc6 3. Nc3 Nf6 4. Bb5 Bd6 5. d3 O-O 6. O-O b6 7. Bg5 Bb7 8. a3
a6 9. Bxc6 Bxc6 10. b4 h6 11. Bxf6 Qxf6 12. h3 Qe6 13. Ne2 Ba4 14. Qc1 f5 15.
Ng3 f4 16. Ne2 c5 17. c3 c4 18. dxc4 Qxc4 19. Nd2 Qxe2 20. Re1 Qh5 21. Nf3 Rac8
22. Qd2 Rf6 23. Rac1 Rg6 24. Kh2 Re6 25. Qd5 Bc6 26. Qd3 Qg6 27. Qxa6 Rb8 28.
Qe2 b5 29. Nh4 Qh7 30. Nf5 g5 31. f3 h5 32. Red1 Bc7 33. c4 g4 34. fxg4 Bxe4 35.
Qxe4 hxg4 36. h4 g3+ 37. Kh3 Bd8 38. c5 Bxh4 39. Nd6 Qh5 40. Nf5 Rg6 41. Ne7+
Bxe7# 0-1

[Event "Challenge"]
[Site "http://www.queenalice.com/game.php?id=1849535"]
[Date "2024.12.30"]
[Round "-"]
[White "Jeff_Of_Love"]
[Black "cdare"]
[Result "0-1"]
[WhiteElo "1880"]
[BlackElo "1958"]

1. e4 d5 2. f3 e6 3. b3 Nc6 4. Bb2 d4 5. Bb5 e5 6. Na3 Bd7 7. Qe2 Nf6 8. O-O-O
Bd6 9. Nc4 a6 10. Nxd6+ cxd6 11. Bxc6 Bxc6 12. g4 h6 13. h4 Nh7 14. f4 f6 15. f5
O-O 16. Qc4+ Kh8 17. Nf3 Bxe4 18. Ng5 Nxg5 19. hxg5 fxg5 20. Rhf1 Qa5 21. Rf2
Qxa2 22. Rg1 Rac8 0-1

[Event "Challenge"]
[Site "http://www.queenalice.com/game.php?id=1859789"]
[Date "2025.7.11"]
[Round "-"]
[White "cdare"]
[Black "Jeff_Of_Love"]
[Result "1-0"]
[WhiteElo "1933"]
[BlackElo "1854"]

1. e4 e5 2. Nf3 Nc6 3. Nc3 Nf6 4. Bc4 Be7 5. d3 O-O 6. O-O a6 7. Bg5 Ng4 8. Bxe7
Nxe7 9. h3 Nf6 10. Nxe5 b5 11. Bb3 d6 12. Nf3 Bb7 13. a3 c5 14. Ne2 Nc6 15. Ng3
1-0